000 00649nam a2200205Ia 4500
001 20587
003 GE_BSU
008 181216s||||||||xx |||||||||||||| ||und||
040 _cGE_BSU
245 _aВопросы языкознания, №2.2017. Март-Апрель
245 _cГл.ред.В.А.Плунгян и др.
250 _aРоссийская академия наук
260 _aМосква
260 _c2017
300 _a160 стр. 24см.
653 _aВопросы языкознания, №2.2017. Март-Апрель
653 _aПериодика
653 _aპერიოდიკა
942 _cCR
999 _c53541
_d53541